| 000 | 00568nam a2200193Ia 4500 | ||
|---|---|---|---|
| 003 | LK-CoDNM | ||
| 005 | 20240731155149.0 | ||
| 008 | 010623t1913 xxu||||| |||| 00| 1 eng d | ||
| 040 |
_aLK-CoDNM _dLK-CoDNM _eLK-CoDNM |
||
| 041 | _aeng | ||
| 080 |
_a8 _bM2 |
||
| 100 | _aCaldwell,Robert. | ||
| 245 | _aA Comparative Grammar of the Dravidian or South-Indian family of Languages | ||
| 260 |
_bKegan Paul,Trench,Trubner and Company _aLondon _c1913 |
||
| 300 | _bxl, 640p ; 21 260: Third cm | ||
| 700 | _aPillai,T.Ramakrishna. | ||
| 700 | _aWyatt,J.L. | ||
| 942 | _cBK | ||
| 999 |
_c87653 _d87653 |
||